000 00540nam a2200193Ia 4500
008 220216s9999 xx 000 0 und d
100 _aZhongyu Zhou
245 0 _aAccuracy of methods for predicting yield potentials of three-year-old nursery clones
260 _bChinese Journal of Tropical Crops
_c1991
300 _a16
650 _aAccuracy
650 _aHevea brasiliensis
650 _aNursery stage
650 _aYield prediction
700 _aJinxing Liu
700 _aQiayuan Guo
700 _aSairong Zhan
942 _cJS
999 _c53746
_d53746